Central Library, Doon University
WEBOPAC (ONLINE PUBLIC ACCESS CATALOGUE)

Practice of Business Statistics (Record no. 61023)

MARC details
000 -LEADER
fixed length control field 00546nam a22001937a 4500
005 - DATE & TIME
control field 20260604155157.0
008 - FIXED-LENGTH DATA ELEMENTS--GENERAL INFORMATION
fixed length control field 260604b |||||||| |||| 00| 0 eng d
020 ## - ISBN
International Standard Book Number 9789380016511
Price 650.00
040 ## - CATALOGING SOURCE
Original cataloging agency Doon University
041 ## - Language
Language English
082 ## - DDC NUMBER
Classification number 650.0212
Book Number SHA
100 ## - MAIN ENTRY--PERSONAL NAME
Personal name Sharma, Manish
245 ## - TITLE STATEMENT
Title Practice of Business Statistics
Sub Title : Using Statistics For Decisions Making
260 ## - PUBLICATION, DISTRIBUTION, ETC. (IMPRINT)
Place of publication, distribution, etc New Delhi
Name of publisher, distributor, etc Khanna Book
Date of publication, distribution, etc 2026
300 ## - PHYSICAL DESCRIPTION
Pages 809
650 ## - Subject
Subject Management (PM USHA)
700 ## - Added Entry Personal Name
Added Entry Personal Name Gupta, Amit
942 ## - ADDED ENTRY ELEMENTS (KOHA)
Koha item type Books
100 ## - MAIN ENTRY--PERSONAL NAME
-- 27024
650 ## - Subject
-- 27020
700 ## - Added Entry Personal Name
-- 27025
952 ## - LOCATION AND ITEM INFORMATION (KOHA)
-- 2026-06-04
952 ## - LOCATION AND ITEM INFORMATION (KOHA)
-- 2026-06-04
952 ## - LOCATION AND ITEM INFORMATION (KOHA)
-- 2026-06-04
952 ## - LOCATION AND ITEM INFORMATION (KOHA)
-- 2026-06-04
952 ## - LOCATION AND ITEM INFORMATION (KOHA)
-- 2026-06-04
Holdings
Withdrawn status Lost status Source of classification or shelving scheme Damaged status Not for loan Location (home branch) Sublocation or collection (holding branch) Date acquired Koha full call number Accession No. Koha date last seen Koha item type Koha issues (times borrowed)
        Not For Loan Doon University Doon University 04.06.2026 650.0212 SHA 34393 04.06.2026 Reference  
          Doon University Doon University 04.06.2026 650.0212 SHA 34394 04.06.2026 Books  
          Doon University Doon University 04.06.2026 650.0212 SHA 34395 04.06.2026 Books  
          Doon University Doon University 04.06.2026 650.0212 SHA 34396 04.06.2026 Books  
          Doon University Doon University 04.06.2026 650.0212 SHA 34397 04.06.2026 Books  
Contact : +91-135-2533126 (Library),+91-135-2533105 (Admin Office) , Email : doonlibrary@gmail.com

Powered by Koha